| 000 | 00538nam a22001817a 4500 | ||
|---|---|---|---|
| 005 | 20250325110513.0 | ||
| 008 | 250325b |||||||| |||| 00| 0 eng d | ||
| 020 | _a9783110783896 | ||
| 041 | _aEng. | ||
| 082 | _a746.92 JOY | ||
| 100 | _aJoy, Annamma | ||
| 245 | _aSustainability in Art Fashion and Wine: Critical Perspectives | ||
| 260 |
_aBoston _bLexington Books _c2024 |
||
| 300 | _a315;. P. 24 cm | ||
| 650 | _aFashion; Clothing Trade-Social Aspects; Wine Industry-Social Aspects; Arts | ||
| 700 | _aGruyter, De | ||
| 942 | _cBK | ||
| 999 |
_c43379 _d43379 |
||